एकांकी स्तबक / (Record no. 119991)

MARC details
000 -LEADER
fixed length control field 01059nam a22002537a 4500
005 - DATE AND TIME OF LATEST TRANSACTION
control field 20170124103151.0
010 ## - LIBRARY OF CONGRESS CONTROL NUMBER
LC control number 239137
020 ## - INTERNATIONAL STANDARD BOOK NUMBER
Terms of availability 0000
035 ## - SYSTEM CONTROL NUMBER
System control number 239137
037 ## - SOURCE OF ACQUISITION
Source of stock number/acquisition Cen Lib/Ret
040 ## - CATALOGING SOURCE
Original cataloging agency DPL
Language of cataloging HN
082 ## - DEWEY DECIMAL CLASSIFICATION NUMBER
Classification number 822
Item number एकांकी
245 ## - TITLE STATEMENT
Title एकांकी स्तबक /
Statement of responsibility, etc संपादक शरण बिहारी गोस्वामी
246 ## - VARYING FORM OF TITLE
Title proper/short title Ekanki satbak
Remainder of title sampadak Sharan Bihari Goswami
260 ## - PUBLICATION, DISTRIBUTION, ETC. (IMPRINT)
Place of publication, distribution, etc दिल्ली
Name of publisher, distributor, etc ओरियंटल बुक डिपो
270 ## - ADDRESS
Address 1704, नई सड़क
City दिल्ली
Postal code 110006
300 ## - PHYSICAL DESCRIPTION
Extent क -घ,179पृष्ठ.
Dimensions 17सेमी(सजिल्द)
650 ## - SUBJECT ADDED ENTRY--TOPICAL TERM
Topical term or geographic name as entry element हिंदी साहित्य
9 (RLIN) 88002
650 ## - SUBJECT ADDED ENTRY--TOPICAL TERM
Topical term or geographic name as entry element हिंदी एकांकी साहित्य
9 (RLIN) 88003
650 ## - SUBJECT ADDED ENTRY--TOPICAL TERM
Topical term or geographic name as entry element Hindi literature
9 (RLIN) 88004
650 ## - SUBJECT ADDED ENTRY--TOPICAL TERM
Topical term or geographic name as entry element Hindi literature comedietta
9 (RLIN) 88005
700 ## - ADDED ENTRY--PERSONAL NAME
Personal name गोस्वामी, शरण बिहारी
9 (RLIN) 88006
942 ## - ADDED ENTRY ELEMENTS (KOHA)
Source of classification or shelving scheme Dewey Decimal Classification
Koha item type Hindi Books
Classification part 822
Call number suffix एकांकी
Holdings
Withdrawn status Lost status Damaged status Not for loan Home library Current library Date acquired Source of acquisition Cost, normal purchase price Total Checkouts Full call number Barcode Date last seen Copy number Cost, replacement price Price effective from Koha item type
        Central Library Central Library 19/09/2015 Cen Lib/Ret 0.00   822 एकांकी 239137 19/09/2015 1 0.00 19/09/2015 Hindi Books

© Delhi Public Library
Hit Counter
free hit counter